000 00328nam a2200121 a 4500
005 20141022142000.0
008 080915s19uu xx 00 eng d
050 _aVHS
_bH15 2004
245 _aHigpitan mo ang yakap: a story about aids.
650 _aVHS.
650 _aHigpitan mo ang yakap: a story about aids.
942 _cAVM
999 _c276233
_d276233